The STRUGGLE for land and the fate of the forests

Bibliographic Details
Other Authors: Colchester, Lohmann
Format: Book
Published: Pulau Pinang : The World Rainforest Movement , 1995
Subjects:

MARC

LEADER 00000cam a2200000 7i4500
001 0000000196
005 20000718.0
020 0 0 |a 1856491404 
090 0 0 |a 333.75160913   |b STR 1995 
245 0 4 |a The STRUGGLE for land and the fate of the forests   |c edited by Marcus Colchester & Larry Lohmann 
260 0 0 |a Pulau Pinang :   |b The World Rainforest Movement ,   |c 1995 
300 |a 389p. :   |b map ;   |c 22 cm. 
500 0 0 |a Bibliography: [p. 339-376] and index 
650 0 0 |a Deforestation   |x Control   |z Tropics 
650 0 0 |a Forests and forestry   |z Tropics   |x Planning 
700 0 1 |a Colchester   |h Marcus 
700 0 1 |a Lohmann   |h Larry 
999 |a 0000001047   |b Monograph   |c Open Shelf   |e Default branch